IMF survey

Enregistré dans:
Détails bibliographiques
Format: Publication en série
Langue:anglais
Publié: Washington International Monetary Fund 1979
Sujets:
Tags: Ajouter un tag
Pas de tags, Soyez le premier à ajouter un tag!

MARC

LEADER 00000nas2a22000001 4500
001 0016226
005 20250730114343.6
041 0 |a eng 
044 |a US 
245 1 0 |a IMF survey 
264 1 |a Washington  |b International Monetary Fund  |c 1979 
300 |a 1 zv. 
773 0 |w eu_un_cat*s120209 
610 2 0 |a styk platobný medzinárodný 
610 2 0 |a organizácie medzinárodné